Learning Resource and Development

Luis General Jr. / (Record no. 26954)

MARC details
000 -LEADER
fixed length control field 01036nam a2200277 i 4500
003 - CONTROL NUMBER IDENTIFIER
control field CSPC
005 - DATE AND TIME OF LATEST TRANSACTION
control field 20240207145447.0
008 - FIXED-LENGTH DATA ELEMENTS--GENERAL INFORMATION
fixed length control field 240206s2015 ph a 000 0 eng d
020 ## - INTERNATIONAL STANDARD BOOK NUMBER
International Standard Book Number 9789719913375
040 ## - CATALOGING SOURCE
Transcribing agency CSPC
Original cataloging agency CSPC
Language of cataloging eng
Description conventions rda
082 04 - DEWEY DECIMAL CLASSIFICATION NUMBER
Classification number 920.0599
Item number G286l
100 1# - MAIN ENTRY--PERSONAL NAME
Personal name General, Jose Martin O.,
Relator term author.
245 10 - TITLE STATEMENT
Title Luis General Jr. /
Statement of responsibility, etc. Jose Martin O. General, issue writer.
264 #1 - PRODUCTION, PUBLICATION, DISTRIBUTION, MANUFACTURE, AND COPYRIGHT NOTICE
Place of production, publication, distribution, manufacture Naga City, Philippines :
Name of producer, publisher, distributor, manufacturer Ateneo de Naga University Press,
Date of production, publication, distribution, manufacture, or copyright notice 2015.
300 ## - PHYSICAL DESCRIPTION
Extent 22 pages :
Other physical details illustrations ;
Dimensions 23 cm.
336 ## - CONTENT TYPE
Source rdacontent
Content type term text
337 ## - MEDIA TYPE
Source rdamedia
Media type term unmediated
338 ## - CARRIER TYPE
Source rdacarrier
Carrier type term volume
490 ## - SERIES STATEMENT
Series statement Bansay Bikolnon biography series ;
Volume/sequential designation no. 3
546 ## - LANGUAGE NOTE
Language note In English.
600 10 - SUBJECT ADDED ENTRY--PERSONAL NAME
Personal name General, Luis,
Titles and other words associated with a name Jr.,
Dates associated with a name 1921-1997.
651 #0 - SUBJECT ADDED ENTRY--GEOGRAPHIC NAME
Geographic name Philippines
Form subdivision Biography.
651 #0 - SUBJECT ADDED ENTRY--GEOGRAPHIC NAME
Geographic name Bicol (Philippines : Region)
942 ## - ADDED ENTRY ELEMENTS (KOHA)
Source of classification or shelving scheme Dewey Decimal Classification
Koha item type Books
Classification part 920.0599
Suppress in OPAC No
Call number prefix BKL
Call number suffix 2015
Holdings
Withdrawn status Lost status Source of classification or shelving scheme Damaged status Not for loan Home library Current library Shelving location Date acquired Total Checkouts Full call number Barcode Date last seen Copy number Price effective from Koha item type
    Dewey Decimal Classification     Main Library Main Library Bikoliana Section 02/06/2024   BKL 920.0599 G286l 2015 026901 02/06/2024 1-5 02/06/2024 Books
    Dewey Decimal Classification     Main Library Main Library Bikoliana Section 02/06/2024   BKL 920.0599 G286l 2015 026902 02/06/2024 2-5 02/06/2024 Books
    Dewey Decimal Classification     Main Library Main Library Bikoliana Section 02/06/2024   BKL 920.0599 G286l 2015 026903 02/06/2024 3-5 02/06/2024 Books
    Dewey Decimal Classification     Main Library Main Library Bikoliana Section 02/06/2024   BKL 920.0599 G286l 2015 026904 02/06/2024 4-5 02/06/2024 Books
    Dewey Decimal Classification     Main Library Main Library Bikoliana Section 02/06/2024   BKL 920.0599 G286l 2015 026905 02/06/2024 5-5 02/06/2024 Books